000 00595cab a2200253 4500
001 X1109
008 090401t1993 xxu||||| |||| 00| 0 eng d
035 _a(Sirsi) u14735
041 _aeng
245 _aAnimal identification and registration
260 _c1993
350 _a0
490 _aCS Monthly : Rural Practice
_v3(2) October 1993, 2(1)
650 _aANIMAL IDENTIFICATION
650 _aCATTLE
650 _aEC 92/102
650 _aEC DIRECTIVE
650 _aGOATS
650 _aPIGS
650 _aSHEEP
690 _aRURAL PRACTICE
942 _n0
948 _c04/03/1997
999 _c9615
_d9615